1497 1255 1196 1655 1418 1583 1622 1282 1570 1844 1851 1347 1055 1083 1542 1232 1577 1645 1855 1076 1709 1608 1413 1142 1556 1395 1664 1781 1250 1768 1432 1831 1488 1783 1776 1615 1518 1815 1112 1914 1943 1074 1050 1325 1720 1093 1092 1160 1399 1923 1803 1658 1760 1251 1429 1540 1474 1977 1470 1825 1394 1341 1841 1066 1445 1414 1526 1568 1544 1156 1984 1344 1311 1982 1623 1972 1724 1504 1814 1805 1560 1506 1290 1370 1892 1807 1224 1333 1473 1317 1120 1113 1600 1409 1188 1672 1432 1833 1250 BCNSPRNW ULIB Ver.6.0+V

เปลี่ยนเป็นภาษาไทย

Change to English
 แสดงรายละเอียดบรรณานุกรม
  กลับหน้าหลัก

Brief Record : Get Marc (ISO 2709) : E-mail record : QR code < ปิดหน้าต่าง
LEADER : 00000nam 2200000uu 4500
001    13399113000
003     ULIB
008    110921s2545||||th 000 0 tha d
020    9749548728
020    9789749548721
050  4 NC992.T35^bอ881ค 2545
100 0  เอนก นาวิกมูล
245 10 คนนอกศตวรรษ :^bนักวาดในดวงใจ = My cherished artists /^cเอนก นาวิกมูล
246 30 นักวาดในดวงใจ
246 31 My cherished artists
250    พิมพ์ครั้งที่ 1
260    กรุงเทพฯ :^bเนชั่นบุ๊คส์ อินเตอร์เนชั่นแนล,^c2545
300    280 หน้า :^bภาพประกอบ (สีบางภาพ) ;^c21 ซม.
650  4 ผู้เขียนภาพประกอบ^zไทย^vชีวประวัติ
945    ^p195^l0^i015930
995    ทศพร
999 ^a ทศพร
รายการนี้ยังไม่มีแท็ก
คุณยังไม่ได้ล็อกอิน คุณสามารถมีกิจกรรมร่วมกับเว็บไซต์ได้ แต่ต้องล็อกอินก่อน ::
  ล็อกอิน

รายการสื่อสารสนเทศ

ลำดับที่ ประเภท เลขเรียก/บาร์โค้ด สถานที่ สถานะ
- ไม่พบข้อมูล -

รายการใกล้เคียง
    ผู้แต่ง [เอนก นาวิกมูล]

BibComment


ยังไม่เคยถูกคอมเมนท์

คอมเมนท์ทรัพยากรรายการนี้
  คอมเมนท์: คนนอกศตวรรษ นักว..


 Copyright 2026. Bcnsprnw @Library